00750nam a22002173a 450000100060000000300080000600500170001400800410003103500190007204000270009104100080011808200270012610000250015324501060017826000300028430000310031465000160034594200120036199900170037395201420039012459BD-RjUL20211208235310.0140128t1962 enk |||| | eng d a(BD-RjUL)12508 aDLCbengcDLCdBD-RjUL aeng04216a599.7442bCAR 19621 aCarr, Norman.93875600aReturn to the wild :ba story of two lions / cNorman Carr ; with a forward by the Earl of Dalhouse / aLondon :bCollins,c1962. a127 p. :billus. ;c23 cm.1 awild938757 2ddccBK c12459d12459 00102ddc40718NFICaRUCLbRUCLcReadingd1969-08-27eZeitlingerg21.00l0o599.7442 CAR 1962r2014-01-28 00:00:00tC-1w2021-12-08yBK